LEADER 01179nam a2200289 i 4500 001 000000160368 003 CaOOAMICUS 005 20070319000000.0 008 070319s1997 it u000 u ita u 013 $a137731 020 $a88-315-1484-9 040 $aSeMil$bita 100 1 $aCappello, Gianna.$0(OLS)http://semarc/name/42233 245 13$aIl fiume del rock :$bviaggio nella cultura musicale dei giovani /$cGianna Cappello, Filippo Ceretti. 260 $aMilano :$bPaoline,$c1997. 300 $a236 p. ;$c20 cm. 490 0 $aMedialogo ;$v6 500 $aContiene : Bibliografia essenziale. 650 4$aMusica rock.$0(OLS)http://semarc/subject/16146 700 1 $aCeretti, Filippo.$0(OLS)http://semarc/name/42234 830 0$aMedialogo ;$v6.$0(OLS)http://semarc/title/18660 850 $aSeMil 852 $aSeMil$W1$xVenegono$y1$m3Q II 16$j111843$B111843$CSeMilBibl$Z2$F121761 $81 961 $aOmaggio: Altro 996 $6020$a88-315-1484-9$9(OLS)http://semarc/number/76165 996 $6245$aIl fiume del rock :$bviaggio nella cultura musicale dei giovani$9(OLS)http://semarc/title/142977 996 $6260$aMilano :$bPaoline$9(OLS)http://semarc/publisher/29684 LEADER 00849nam a2200241 i 4500 001 000000119838 003 CaOOAMICUS 005 20031106000000.0 008 031106s1983 it u000 u ita u 013 $a92532 040 $aSeMil$bita 100 1 $aJacob, Max <1876-1944>.$0(OLS)http://semarc/name/28181 245 10$aDio del muro /$cMax Jacob. 260 $aVicenza :$bLa Locusta,$cstampa 1983. 300 $a97 p. ;$c18 cm. 500 $aFondo Card. C.M. Martini. 650 4$aJacob, Max - Opere.$0(OLS)http://semarc/subject/45966 850 $aSeMil 852 $aSeMil$W1$xVenegono$y1$m3F II 354$j75045$B75045$CSeMilBibl$Z2$F101288 $81 941 1 $a4 961 $aOmaggio: Martini Card. Carlo Maria 996 $6245$aDio del muro$9(OLS)http://semarc/title/176230 996 $6260$aVicenza :$bLa Locusta$9(OLS)http://semarc/publisher/31451